Watership Down - Statistics

General Stats
  • This quiz has been taken 57 times
  • The average score is 16 of 25
Answer Stats
Hint Answer % Correct
Sandleford Bigwig
100%
Sandleford Fiver
95%
Sandleford Hazel
95%
Sandleford Blackberry
88%
Sandleford Holly
86%
Sandleford Dandelion
84%
Warren Of Snares Strawberry
84%
Efrafa Woundwort
84%
Sandleford Pipkin
81%
Warren Of Snares Cowslip
79%
The Big Water Kehaar
79%
Sandleford Silver
77%
Nuthanger Farm Clover
70%
Efrafa Campion
65%
Sandleford Bluebell
60%
Sandleford Buckthorn
56%
Efrafa Hyzenthlay
56%
Efrafa Vervain
49%
Efrafa Blackavar
47%
Sandleford Hawkbit
47%
Sandleford Acorn
35%
Sandleford Speedwell
33%
Nuthanger Farm Haystack
30%
Nuthanger Farm Laurel
19%
Efrafa Thethuthinnang
16%
No matching quizzes found
Score Distribution
Percent of People with Each Score
Percentile by Number Answered
Your Score History
You have not taken this quiz